| 000 | 00419nam a22001337a 4500 | ||
|---|---|---|---|
| 003 | SGT | ||
| 082 |
_a617.6 _bC11A |
||
| 100 | _aARORA, SONAL | ||
| 245 | _aA COMPARATIVE EVALUATION OF SHEAR BOND STRENGTHS OF TWO - STEP AND ONE - STEP SELF - ETCH DENTIN BONDING AGENTS - AN IN VITRO STUDY | ||
| 260 |
_aDELHI NCR _bSGT UNIVERSITY GURUGRAM _c2011 |
||
| 300 | _a65 | ||
| 650 | _aCONSERVATIVE DENTISTRY | ||
| 942 |
_2ddc _cTH |
||
| 999 |
_c16057 _d16057 |
||